Essential of contemporary business statistics
Gorde:
| Egile nagusia: | |
|---|---|
| Beste egile batzuk: | |
| Formatua: | Liburua |
| Hizkuntza: | Undetermined |
| Argitaratua: |
Mason, OH
Thomson South-Western
2007
|
| Gaiak: | |
| Sarrera elektronikoa: | http://lrc.tdmu.edu.vn/opac/search/detail.asp?aID=2&ID=7413 |
| Etiketak: |
Etiketa erantsi
Etiketarik gabe, Izan zaitez lehena erregistro honi etiketa jartzen!
|
| Thư viện lưu trữ: | Trung tâm Học liệu Trường Đại học Thủ Dầu Một |
|---|
| LEADER | 00663nam a2200205Ia 4500 | ||
|---|---|---|---|
| 001 | TDMU_7413 | ||
| 008 | 210410s9999 xx 000 0 und d | ||
| 082 | |a 650 | ||
| 090 | |b W309 | ||
| 100 | |a Williams, Thomas A | ||
| 245 | 0 | |a Essential of contemporary business statistics | |
| 245 | 0 | |c Thomas A. Williams, Dennis J. Sweeney, David R. Anderson | |
| 260 | |a Mason, OH | ||
| 260 | |b Thomson South-Western | ||
| 260 | |c 2007 | ||
| 300 | |a xx, 703 p. | ||
| 650 | |a Business statistics | ||
| 700 | |a Sweeney, Dennis J. | ||
| 856 | |u http://lrc.tdmu.edu.vn/opac/search/detail.asp?aID=2&ID=7413 | ||
| 980 | |a Trung tâm Học liệu Trường Đại học Thủ Dầu Một | ||